000 00802nam a22002297a 4500
005 20250409120138.0
008 250409b |||||||| |||| 00| 0 eng d
020 _a978-81-975187-7-5 (pbk)
037 _cTB
040 _aCRL
_cCRL
041 _2pun
_apun
084 _aO153,3N43,CH R4
100 _aਸਿੰਘ, ਗੁਰਨਾਮ
245 _aਚਨੌਰ
260 _aਸੰਗਰੂਰ, ਭਾਰਤ:
_bਰਿਥਿੰਕ ਬੂਕਸ,
_c2024.
300 _a251 ਪ.
365 _b399.00
_cINR
650 _aਪੰਜਾਬੀ ਸਾਹਿਤ
650 _aਪੰਜਾਬੀ ਕਹਾਣੀ
942 _2CC
_cTB
_hO153,3N43,CH R4
_n0
999 _c1308584
_d1308584